Revivaltime pulpit: (Record no. 14214)

000 -LEADER
fixed length control field 00626nam a2200193 a 4500
001 - CONTROL NUMBER
control field :::00012041$&:&@@
003 - CONTROL NUMBER IDENTIFIER
control field OkBaRHE
005 - DATE AND TIME OF LATEST TRANSACTION
control field 20000607103415.0
008 - FIXED-LENGTH DATA ELEMENTS--GENERAL INFORMATION
fixed length control field s1970 j 000 0 eng u
040 ## - CATALOGING SOURCE
Transcribing agency
100 1# - MAIN ENTRY--PERSONAL NAME
Personal name Ward, C. M. (Charles Morris).
245 10 - TITLE STATEMENT
Title Revivaltime pulpit:
Remainder of title no. 14.
260 ## - PUBLICATION, DISTRIBUTION, ETC. (IMPRINT)
Place of publication, distribution, etc Springfield, MO., :
Name of publisher, distributor, etc Assemblies of God National Radio Department
Date of publication, distribution, etc c1970
300 ## - PHYSICAL DESCRIPTION
Extent 319 p. ;
Dimensions 22 cm.
650 ## - SUBJECT ADDED ENTRY--TOPICAL TERM
Topical term or geographic name as entry element Assemblies of God
General subdivision Sermons
650 ## - SUBJECT ADDED ENTRY--TOPICAL TERM
Topical term or geographic name as entry element Sermons, American
942 ## - ADDED ENTRY ELEMENTS (KOHA)
Source of classification or shelving scheme
Koha item type Books
Copies
Permanent Location Withdrawn status Price effective from Koha item type Copy number Damaged status Date last seen Source of classification or shelving scheme Date acquired Shelving location Full call number Not for loan Lost status Barcode
RHEMA Bible Training College 2010-04-14Books1 2010-04-14 2010-04-14General StacksBX 8769 .W314  12041